[Event "2nd Silman TNM: 2000+"]
[Site "San Francisco"]
[Date "2025.05.06"]
[Round "1.6"]
[White "Suarez, Sebastian"]
[Black "Gaffagan, Steven"]
[Result "1-0"]
[WhiteElo "2200"]
[BlackElo "1956"]
[PlyCount "89"]
[Beauty "7354191971347"]
[GameId "2174807976394901"]
[EventDate "2025.??.??"]

{[%evp 0,54,12,24,22,14,17,24,27,25,43,27,29,34,30,19,19,25,43,38,21,60,50,0,-22,-29,-43,-31,-1,-19,5,-26,-33,-47,-35,-56,-61,-69,-62,-48,-27,-71,-191,-58,-64,-48,-51,-56,-53,-98,-118,-96,-103,-65,-66,-37,-109]} 1. e4 {[%emt 0:01:23]} c5 {[%emt 0:01:18]} 2. Nf3 {[%emt 0:00:41]} e6 {[%emt 0:00:24]} 3. d4 {[%emt 0:00:31]} cxd4 {[%emt 0:00:09]} 4. Nxd4 {[%emt 0:00:03]} Nc6 {[%emt 0:00:38]} 5. Nc3 {[%emt 0:00:07]} Qc7 {[%emt 0:00:10]} 6. Be3 {[%emt 0:00:41]} a6 {[%emt 0:00:09]} 7. Qd2 {[%emt 0:00:17]} Nf6 {[%emt 0:00:45]} 8. f3 {[%emt 0:00:11]} h5 {[%emt 0:01:48]} 9. O-O-O {[%emt 0:04:34]} b5 {[%emt 0:02:53]} 10. Nxc6 {[%emt 0:18:42]} Qxc6 {[%emt 0:01:28]} 11. e5 {[%emt 0:00:32]} b4 {[%emt 0:01:11]} 12. Ne4 {[%emt 0:04:20]} Nxe4 {[%emt 0:05:15]} 13. fxe4 {[%emt 0:00:37]} Be7 {[%emt 0:09:55]} 14. Be2 {[%emt 0:00:38]} a5 {[%emt 0:08:04]} 15. Kb1 {[%emt 0:02:11]} a4 {[%emt 0:00:52]} 16. Rhf1 {[%emt 0:05:20]} Ba6 {[%emt 0:11:35]} 17. Bxa6 {[%emt 0:04:31]} Rxa6 {[%emt 0:00:29]} 18. Qd3 {[%emt 0:12:00]} a3 {[%emt 0:03:42]} 19. b3 {[%emt 0:00:02]} Ra8 {[%emt 0:03:07]} 20. Rc1 {[%emt 0:07:13]} Rc8 {[%emt 0:02:36]} 21. Bd4 {[%emt 0:01:06]} Bg5 {[%emt 0:02:16]} 22. Rcd1 {[%emt 0:07:43]} O-O {[%emt 0:01:24]} 23. Rf2 {[%emt 0:00:31]} Be7 {[%emt 0:04:15]} 24. c4 {[%emt 0:07:43]} bxc3 {[%emt 0:02:45]} 25. Rc2 {[%emt 0:00:49]} Bb4 {[%emt 0:02:33]} 26. Rdc1 {[%emt 0:00:45]} Rfd8 {[%emt 0:15:27]} 27. Bxc3 {[%emt 0:00:34]} Bxc3 {[%emt 0:00:36]} 28. Rxc3 {[%emt 0:00:10]} Qb7 {[%emt 0:01:13]} 29. Qd4 {[%emt 0:06:02]} Rxc3 {[%emt 0:01:05]} 30. Rxc3 {[%emt 0:00:02]} Rc8 {[%emt 0:04:49]} 31. Kc2 {[%emt 0:00:05]} Qa6 {[%emt 0:02:08]} 32. Rxc8+ {[%emt 0:01:27]} Qxc8+ {[%emt 0:00:05]} 33. Qc4 {[%emt 0:02:32]} Qb8 {[%emt 0:02:48]} 34. Qc5 {[%emt 0:06:37]} Qb7 {[%emt 0:00:14]} 35. Qc4 {[%emt 0:03:31]} Qb6 {[%emt 0:00:16]} 36. b4 {[%emt 0:00:15]} Qf2+ {[%emt 0:01:30]} 37. Kb3 {[%emt 0:00:08]} Qb2+ {[%emt 0:00:54]} 38. Ka4 {[%emt 0:00:05]} Qxg2 {[%emt 0:00:06]} 39. b5 {[%emt 0:01:01]} Qb2 {[%emt 0:02:19]} 40. Ka5 {[%emt 0:03:51]} Qxh2 {[%emt 0:02:08]} 41. b6 {[%emt 0:00:21]} Qxe5+ {[%emt 0:00:10]} 42. Ka6 {[%emt 0:00:05]} Kh7 {[%emt 0:02:38]} 43. b7 {[%emt 0:01:43]} Qh2 {[%emt 0:02:18]} 44. Ka7 {[%emt 0:00:13]} Qf2+ {[%emt 0:00:21]} 45. Ka8 {[%emt 0:00:07]} 1-0

[Event "2nd Silman TNM: 2000+"]
[Site "San Francisco"]
[Date "2025.05.06"]
[Round "1.7"]
[White "Lewis, Edward"]
[Black "Winslow, Elliott"]
[Result "0-1"]
[Annotator "Winslow,Elliott"]
[WhiteElo "1950"]
[BlackElo "2200"]
[PlyCount "110"]
[Beauty "6667131438599"]
[GameId "2174807995895973"]
[EventDate "2025.??.??"]

1. e4 c5 2. Nf3 g6 3. d4 cxd4 4. Qxd4 (4. Nxd4) 4... Nf6 5. Bb5 $5 {I remember seeing this move played by Bronstein in some game in 1971 or so -- and there it is!} (5. Nc3 Nc6 6. Qa4 d6 7. e5 dxe5 8. Nxe5) (5. e5 Nc6 6. Qa4 Nd5 7. Qe4 Nb6 $5) 5... Nc6 (5... a6 $1 $15 {Stockfish has this the only plus for Black, such as it is.} 6. Be2 (6. e5 $5 axb5 7. exf6 Nc6 8. Qd3 b4 $15) 6... Nc6) (5... Qa5+ 6. Qc3 Qd8 $6 (6... Nc6 $1 7. Qxa5 Nxa5 8. e5 Nd5 9. Bd2 Nc6 10. Nc3 $14) 7. Bc4 e6 8. e5 Ne4 9. Qd3 f5 10. Nc3 Nxc3 11. bxc3 Nc6 12. O-O Bg7 13. Re1 Qa5 14. Bb5 O-O 15. a4 Qc7 16. Bxc6 Qxc6 17. Nd4 Qd5 18. Nb5 Qxd3 19. cxd3 d5 20. exd6 a6 21. Nc7 Bxc3 22. Nxa8 Bxa1 23. Bg5 Bd4 24. Be7 Rf7 25. Rc1 Bd7 26. Rc7 Bxa4 27. Rc4 Bc6 28. Rxd4 {1-0 (28) Bronstein,D-Zhidkov,V Baku 1972}) 6. Bxc6 dxc6 $5 (6... bxc6) 7. Qxd8+ Kxd8 {There was a time when I'd never do this. I suspected this was a "level" situation, where a 2500+ would squash me here but if my opponent (Ed) doesn't play sharply and accurately I'd get away with it.} 8. Nc3 Nd7 $5 9. Bd2 Bg7 10. O-O-O e5 11. Be3 f6 12. h3 Kc7 13. Nd2 Nb6 14. f3 Be6 15. b3 h5 16. a4 Bh6 17. Bf2 Rad8 18. a5 Nc8 19. Rhe1 Rd7 20. Be3 Bxe3 21. Rxe3 Rhd8 22. Ndb1 Rd4 23. Ree1 g5 24. Ne2 Rxd1+ 25. Rxd1 Rxd1+ 26. Kxd1 h4 {(setting up "latent" possibilities, which indeed come to fruition 23 moves later(!))} 27. Kd2 Kd6 28. c4 Ne7 29. Kc3 $2 {(now a knight can't go there for a move...) [#]} (29. Nbc3 a6 (29... Kc5 30. Na2 Ng6 31. Nec1 Kd6 32. Nd3 $11) 30. Nc1 c5 31. Nd5 Nc6 32. Nxf6 Nxa5 $11) 29... c5 $1 $19 {(... so I can sneak this in)} 30. Na3 $2 (30. a6 $1 bxa6 $1 {[%cal Ge7c6,Gc6d4] is good enough for Stockfish to call it won after a long think}) 30... a6 $1 (30... Nc6 31. a6 bxa6) 31. Nc1 Nc6 32. Nd3 Nxa5 {[#]} 33. Nxc5 $6 {This just simplifies Black's task in a way. Lost is lost though, so no "?"} Kxc5 34. b4+ Kb6 35. bxa5+ Kxa5 36. Nc2 Kb6 37. Nb4 Kc5 38. Nd3+ Kd6 39. Kb4 Kc6 40. Kc3 a5 41. Ne1 b5 42. cxb5+ Kxb5 43. Nc2 Kc5 44. Ne1 Bc4 45. Nc2 a4 46. Ne3 a3 47. Nc2 a2 48. Kb2 Bf1 49. Ne3 {[#] Stockfish thinks for a LONG time without seeing the key move here!} Bxg2 $1 {But as soon as I put this on the digital board it zooms in value! And then if I back up a move, it "remembers" it as hugely the best move. Interesting. Note that Ed was stunned, but quickly gave my move a "!" on his scoresheet! And once it shows up, SF 17.1 doesn't take too long to see that it's mate -- in 27 at first, then down to 23. :-)} 50. Nxg2 Kd4 51. Kxa2 Kd3 52. Kb2 Ke2 {At this point the engines are quibbling over how few moves mate will take -- but Ed was visibly amused to see he was now losing his knight.} 53. Kc2 Kf2 54. Kd2 Kxg2 55. Ke2 Kxh3 0-1

[Event "2nd Silman TNM: 2000+"]
[Site "San Francisco"]
[Date "2025.05.06"]
[Round "1.8"]
[White "Senthilkumar, Pranav"]
[Black "Zavgorodniy, Andrew"]
[Result "1-0"]
[Annotator "Winslow,Elliott"]
[WhiteElo "2198"]
[BlackElo "1937"]
[PlyCount "63"]
[Beauty "8249692664873"]
[GameId "2175100461002966"]
[EventDate "2025.??.??"]

{[%evp 0,63,9,-7,19,-2,-48,-3,0,5,-15,0,-1,-15,2,-7,6,11,13,5,46,34,35,24,58,52,101,101,118,90,244,87,114,108,127,76,184,163,187,51,184,11,111,16,67,44,2,83,77,11,71,292,105,-72,1,-1,1,229,253,370,340,346,359,359,352,309]} 1. d4 Nf6 2. Bg5 d5 3. Bxf6 gxf6 4. Nf3 c5 5. e3 cxd4 ({Relevant:} 5... e6 6. c3 Nc6 7. Nbd2 Bd6 8. g3 Bd7 9. Bg2 cxd4 10. exd4 Qb6 11. Qc2 O-O-O 12. O-O Kb8 13. a4 a6 14. Rfc1 Rc8 15. Qd1 h5 16. c4 Nxd4 17. cxd5 exd5 18. a5 Qb4 19. Nxd4 Qxd4 20. Nb3 Qxd1+ 21. Rxd1 Be5 22. Bxd5 Bg4 23. Rd2 Rhd8 24. Bxf7 Rxd2 25. Nxd2 Bxb2 26. Rb1 Bc3 27. Nc4 Bf3 28. Rb3 Rd8 29. Ne3 Bxa5 30. h3 Bd2 31. Kh2 a5 32. Nc4 Bc6 33. Bxh5 a4 34. Ra3 Bb4 35. Ra1 {1-0 Nakamura,H (2794)-Firouzja,A (2737) Chess.com INT 2024}) 6. exd4 Bf5 {[#]} 7. Bd3 $146 ({Predecessor:} 7. c4 dxc4 8. Bxc4 Qb6 9. Qe2 Nc6 10. d5 Nd4 11. Nxd4 Qxd4 12. Bb5+ Kd8 13. O-O Rg8 14. Nc3 Bh3 15. g3 Bxf1 16. Qxf1 a6 17. Rd1 Qb6 18. Ba4 Qxb2 19. Qd3 b5 20. Bb3 Rc8 21. Nxb5 Rc1 22. Na7 Rxd1+ 23. Bxd1 Qb6 24. Nc6+ Kc7 25. Qxh7 Rg5 26. Bf3 Bg7 27. Qg8 Kd6 28. Qxf7 Qb1+ 29. Kg2 Qe1 30. h4 Rf5 31. Nd4 Re5 32. Qxg7 Qa1 33. Qg4 Re1 34. Qf4+ Kd7 35. Bg4+ Ke8 36. Qb8+ Kf7 {1-0 Ratkovic,M (2401)-Shundi,M (2223) Ecka 2023}) 7... Qd7 8. O-O Nc6 9. c4 Bxd3 10. Qxd3 dxc4 11. Qxc4 Rd8 12. Nc3 Rg8 {[#]} 13. d5 Ne5 14. Nxe5 fxe5 15. Rfe1 Qg4 {[#]} 16. Qb5+ Rd7 17. g3 f6 18. Ne4 b6 {[#]} 19. d6 Qe6 20. Rad1 exd6 21. f4 Be7 {[#]} 22. f5 Qxf5 23. Rxd6 Kd8 24. Rxd7+ Qxd7 25. Qb3 {[%cal Gb3g8,Ge1d1]} Qg4 26. Nf2 Qg6 27. Qe6 Bc5 28. Rd1+ Bd4 29. Rc1 Bc5 {[#]} 30. b4 Qg5 31. Rc2 Qg6 32. bxc5 1-0

[Event "2nd Silman TNM: 2000+"]
[Site "San Francisco"]
[Date "2025.05.06"]
[Round "1.9"]
[White "Horowitz, Phineas F"]
[Black "Bayaraa, Chinguun"]
[Result "0-1"]
[Annotator "Winslow,Elliott"]
[WhiteElo "1921"]
[BlackElo "2176"]
[PlyCount "70"]
[Beauty "7976831948320"]
[GameId "2175100461002967"]
[EventDate "2025.??.??"]

1. d4 Nf6 2. c4 e6 3. Nc3 Bb4 4. Nf3 b6 5. Bg5 Bb7 6. e3 O-O 7. Bd3 d5 8. cxd5 Qxd5 9. Bxf6 gxf6 10. O-O Qh5 11. Ne4 Be7 12. Rc1 c6 13. Ng3 Qh6 14. e4 Nd7 15. Qb3 Kh8 16. Rfd1 Rg8 17. Bf1 Qf4 18. Qc3 Rac8 19. b4 Nf8 20. Qb3 Ng6 {[#]} 21. b5 cxb5 22. Rxc8 Rxc8 23. d5 exd5 24. exd5 Bc5 25. Qb2 Ne5 26. Nxe5 fxe5 27. d6 Rd8 28. Bxb5 Bd4 29. Qc2 Rxd6 30. Rf1 Bc5 31. Bd3 Rh6 32. Be4 Qh4 33. h3 Qxg3 34. Bxb7 Rxh3 35. Qxc5 Qh2# 0-1

[Event "2nd Silman TNM: 2000+"]
[Site "San Francisco"]
[Date "2025.05.06"]
[Round "1.10"]
[White "Smith, Olivia"]
[Black "Ivanenko, Anthony Vladimir"]
[Result "1-0"]
[Annotator "Winslow,Elliott"]
[WhiteElo "2137"]
[BlackElo "1913"]
[PlyCount "113"]
[Beauty "6597342141447"]
[GameId "2175100461002968"]
[EventDate "2025.??.??"]

{[%evp 0,113,16,22,28,31,39,24,37,22,0,19,19,14,28,-6,-3,-142,31,34,32,36,41,146,58,46,99,114,111,99,114,112,82,94,136,167,175,-4,151,156,25,131,186,135,41,77,-118,77,69,69,488,416,412,385,417,257,331,117,268,306,296,292,295,318,131,278,289,265,252,237,233,234,242,243,242,232,239,238,243,213,204,212,227,225,223,221,281,202,94,180,129,171,220,202,203,205,158,172,174,194,234,143,201,220,208,225,796,772,923,967,29995,29996,29997,29998,29999,29999]} 1. e4 e6 2. d4 d5 3. Nc3 Bb4 4. Nge2 dxe4 5. a3 Be7 6. Nxe4 Nf6 7. N2c3 O-O 8. Be3 Bd7 {Rare.} ({Relevant:} 8... Nc6 9. Bb5 Nxe4 10. Nxe4 f5 11. Bxc6 bxc6 12. Nc3 f4 13. Bd2 Qxd4 14. Qe2 Rb8 15. Nd1 Rf5 16. Bc3 Qd5 17. f3 Rb6 18. Nf2 Ba6 19. Nd3 Bh4+ 20. Kd2 Bxd3 21. Qxd3 Rg5 22. Rad1 Rxg2+ 23. Kc1 Qa2 24. b3 Rxb3 25. cxb3 Qxa3+ 26. Kb1 Qxb3+ 27. Kc1 Be7 28. Qd8+ Bxd8 29. Rxd8+ Kf7 30. Rd7+ Ke8 {0-1 (30) Jones,G (2650)-Puranik,A (2475) Warsaw 2016}) 9. Nxf6+ $16 ({Predecessor:} 9. Qd2 Bc6 10. f3 Nd5 11. Nxd5 Bxd5 12. O-O-O Nd7 13. h4 f5 14. Ng5 Nb6 15. Qf2 c6 16. Bd3 h6 17. Nh3 Bxh4 18. Qe2 e5 19. dxe5 Qe8 20. Nf4 g5 21. Nxd5 Nxd5 22. Bc5 Nf4 23. Bc4+ Kh7 24. Qe3 Nxg2 25. Qc3 Bg3 26. e6 {1-0 (26) Galovic,S (2250)-Hlas,J (2095) Slovakia 1999}) 9... Bxf6 10. Ne4 (10. Qd2 $1) 10... Bc6 $6 (10... Be7 $14) 11. Nxf6+ Qxf6 12. Qh5 (12. Qd2) 12... Qg6 (12... Be4 13. O-O-O Nc6 $14) 13. Qxg6 hxg6 {[#]} 14. h4 Nd7 15. h5 $6 gxh5 16. Rxh5 Be4 $2 (16... Nf6 17. Rh3 Nd5 18. Bd2 f6 $11) 17. O-O-O $16 Nf6 18. Rh4 Bg6 19. g4 Nd5 20. Bd2 a5 21. f4 Be4 {[#]} 22. f5 exf5 23. gxf5 Bxf5 24. Bc4 Rfd8 25. Rdh1 g5 26. Bxg5 Kg7 27. Bxd8 Rxd8 28. Rg1+ Kf6 29. Bxd5 Rxd5 {[#]} 30. c4 Rd8 31. Rf4 Rh8 32. Rgf1 Rh5 33. Kd2 Ke6 34. Re1+ Kd7 35. Re5 Rh2+ 36. Re2 Rh5 37. Rf3 Bg6 38. Rfe3 b6 39. Kc3 Rh1 40. Re1 Rh2 41. R1e2 Rh1 42. b3 Ra1 43. Kb2 Rb1+ 44. Ka2 Rd1 45. d5 Rh1 46. Rd2 Rf1 47. Rc3 Kd6 {[#]} 48. b4 axb4 49. axb4 Rf6 50. c5+ bxc5 51. bxc5+ Kd7 52. Ra3 Kc8 53. c6 Kd8 54. Re2 Bf5 {[#]} 55. Ra8+ Bc8 56. Rxc8+ Kxc8 57. Re8# 1-0

[Event "2nd Silman TNM: 2000+"]
[Site "San Francisco"]
[Date "2025.05.06"]
[Round "1.11"]
[White "Rajaram, Raghu"]
[Black "Bambou, Christophe"]
[Result "0-1"]
[WhiteElo "1848"]
[BlackElo "2119"]
[PlyCount "56"]
[Beauty "8248753130505"]
[GameId "2175100461002969"]
[EventDate "2025.??.??"]

1. e4 c6 2. Nf3 d5 3. Nc3 dxe4 4. Nxe4 Nf6 5. Qe2 Nxe4 6. Qxe4 Be6 7. Be2 Nd7 8. d4 Nf6 9. Qd3 g6 10. Ng5 Bc8 11. Qb3 Nd5 12. c4 Nf6 13. Be3 Bg7 14. O-O-O O-O 15. Bf3 Ng4 16. d5 Nxe3 17. fxe3 Qc7 18. h4 h6 19. Nh3 Bf5 20. g4 Bd7 21. Nf4 a5 22. Qd3 Qe5 23. Rd2 a4 24. Qa3 c5 25. g5 Bf5 26. Ne2 Be4 27. Ng1 Bxf3 28. Nxf3 Qe4 0-1

[Event "2nd Silman TNM: 2000+"]
[Site "San Francisco"]
[Date "2025.05.06"]
[Round "1.12"]
[White "Das, Rohan"]
[Black "Parsons, Stephen"]
[Result "1-0"]
[Annotator "Winslow,Elliott"]
[WhiteElo "2099"]
[BlackElo "1840"]
[PlyCount "61"]
[Beauty "8248241168936"]
[GameId "2175100461002970"]
[EventDate "2025.??.??"]

1. d4 Nf6 2. c4 b6 3. Nf3 Bb7 4. Nc3 e6 5. a3 Be7 6. d5 O-O 7. e4 d6 8. Bd3 e5 9. O-O Nbd7 10. b4 a5 11. Be3 Ng4 12. Bd2 axb4 13. axb4 Ngf6 14. Qc2 Nh5 15. g3 Ndf6 16. Rxa8 Bxa8 17. Ra1 Qd7 18. Ra7 Qg4 {[#]} 19. Rxc7 Re8 20. h3 Qxh3 21. Ng5 Qg4 22. Be2 {[#]} Qc8 23. Rxc8 Rxc8 24. g4 Nf4 25. Bxf4 exf4 26. e5 dxe5 27. Qf5 Re8 28. Nce4 h6 29. Nxf6+ Bxf6 30. Qh7+ Kf8 31. d6 1-0

[Event "2nd Silman TNM: 2000+"]
[Site "San Francisco"]
[Date "2025.05.06"]
[Round "1.13"]
[White "Smith, Roger Christopher"]
[Black "Diller, Bradley R"]
[Result "0-1"]
[Annotator "Diller,Brad"]
[WhiteElo "1826"]
[BlackElo "2070"]
[PlyCount "78"]
[Beauty "7697273457724"]
[GameId "2175488060613778"]
[EventDate "2025.??.??"]

{[%evp 0,78,18,29,20,21,18,23,-35,1,21,12,12,1,0,9,14,13,15,-5,9,14,18,-9,-16,-18,-32,28,-15,-58,31,-7,8,-94,9,43,1,1,0,-1,38,66,65,-13,61,-2,-27,-25,117,-23,-29,-36,0,29,41,0,7,-1,2,-110,-235,-132,-265,-62,44,12,52,60,44,-60,-55,-60,36,62,43,81,36,22,19,-234,-237]} 1. e4 e6 2. d4 d5 3. Nc3 Bb4 4. a3 Bxc3+ 5. bxc3 dxe4 6. Qg4 Nf6 7. Qxg7 Rg8 8. Qh6 c5 9. Qd2 {[#]} Qc7 $6 (9... Qa5 $142 10. Ne2 Nc6 $15) 10. Ne2 b6 11. Qf4 Qxf4 12. Bxf4 Nbd7 13. Ng3 Bb7 14. a4 a6 (14... Rc8 $142 15. a5 cxd4 16. axb6 axb6 17. Ra7 Bd5 18. cxd4 Rxc2 $15) 15. Be2 Rc8 16. Ra2 {[#]} Nd5 $2 {Misguided approach: I mistakenly thought I could get an overwhelming attack on the king-side but failed to consider the simple 18 c4 retort. 16 a5 fixing the isolated pawn on a4 was a better way to increase my advantage, as follows.} (16... a5 $142 17. Rb2 Ke7 18. Bd2 Bc6 19. dxc5 Nxc5 20. Rxb6 Nd5 21. Rb2 f5 $15) 17. Bd2 f5 (17... cxd4 {I rejected this line because it equalizes as follows:} 18. cxd4 Nc3 19. Bxc3 Rxc3 20. Kd2 Rc8 21. c4 $11) 18. c4 $1 {[%emt 0:00:18] [#] An excellent move which completely stymies my kingside advance.} Ne7 19. c3 Ng6 (19... a5 20. O-O Ba6 21. Rc2 $11) 20. d5 Kf7 $2 (20... Nh4 $142 21. O-O exd5 22. cxd5 Bxd5 23. Rb2 a5 24. Bf4 Bc6 25. Re1 $11) 21. h4 a5 $2 {A solid positional move which is, unfortunately, too late, as we shall see shortly. [#]} (21... Nge5 $142 22. Bh5+ Ke7 23. Bg5+ Kd6 24. O-O Nxc4 25. Bf7 Bxd5 26. Nxf5+ exf5 27. Rd1 Nde5 28. Bxd5 Kc7 $11) 22. Rb2 $2 {Roger missed the astonishing 22 Bg5! which paralyzes my pieces.} (22. Bg5 $1 Ba6 23. f4 exf3 (23... Ne7 24. Bh5+ Ng6 25. dxe6+ Kxe6 26. Rd2 $18) 24. gxf3 Nde5 25. f4 $18) 22... Ba6 23. Bg5 Rh8 $2 {This is too slow. [#]} (23... h6 24. Bxh6 Nge5 $11) 24. h5 $2 (24. f4 $142 exf3 25. gxf3 h6 26. Bc1 Rcf8 27. Kf2 $16) 24... Nge5 25. f3 exf3 $6 (25... Rhg8 $142 26. Bh4 Nxc4 27. fxe4 Nxb2 28. Bxa6 Rcf8 29. Bb5 Nf6 30. d6 $15) 26. gxf3 Rhe8 27. Kf2 Bxc4 28. dxe6+ Bxe6 29. Bb5 $6 (29. f4 $142 Rg8 30. h6 c4 31. Bh5+ Kf8 32. Re2 Nc5 33. Rd1 Ncd3+ 34. Kf1 Rxg5 35. fxg5 Ke7 $14) 29... c4 $1 30. Re2 {[#]} Nd3+ $6 ({I played too hastily in mild time pressure. The intermezzo} 30... Rg8 $1 {secures a strong advantage.} 31. Bxd7 Nxd7 32. Rxe6 Rxg5 33. Rhe1 Nc5 34. f4 Nd3+ 35. Kf3 Nxe1+ 36. Rxe1 Rgg8 37. Nxf5 Rgd8 $17) 31. Kg2 {[#]} f4 $4 {This was a blunder in mild time pressure.} (31... Rg8 {is met by} 32. Bxd7 Bxd7 33. Re7+ {with a strong advantage for White.}) ({I missed the astonishing} 31... Rc7 $1 {which prepares the strong 32... Rg8.} 32. Rh4 (32. Kh2 Rg8) 32... Rg8 33. Bd2 Rc5 $17) 32. Ne4 $1 Rg8 33. Nd6+ {This allows Black to quickly equalize.} ({In time pressure, White missed the subtle} 33. Kf1 $1 {which secures a winning advantage.} N7e5 34. Nd6+ Kf8 35. Bh6+ Ke7 36. Nxc8+ Rxc8 37. Bxf4 $18) 33... Kf8 34. Nxc8 Rxg5+ 35. Kf1 N7c5 36. Nxb6 Rg3 37. Bxc4 Bh3+ 38. Rxh3 Rxh3 39. Nd7+ $4 {In time pressure, White blunders a piece in an equal position.} Nxd7 $19 0-1

[Event "2nd Silman TNM: 1600-1999"]
[Site "San Francisco"]
[Date "2025.05.06"]
[Round "1.14"]
[White "Marvin, Hayes"]
[Black "Ochoa, Jason"]
[Result "1-0"]
[Annotator "Winslow,Elliott"]
[WhiteElo "1919"]
[BlackElo "1643"]
[PlyCount "63"]
[Beauty "8248891280396"]
[GameId "2175100461002972"]
[EventDate "2025.??.??"]

1. d4 Nf6 2. Nf3 g6 3. c3 Bg7 4. Bg5 O-O 5. Nbd2 d6 6. e4 Nbd7 7. Bc4 c5 8. dxc5 Nxc5 9. Qe2 Qb6 10. Rb1 Bg4 11. O-O Qc6 12. Bxf6 Bxf6 13. Bd5 Qc7 14. h3 Bd7 15. Rfe1 Rad8 16. Nb3 Ne6 17. Qe3 b6 18. e5 dxe5 19. Nxe5 Bc8 20. Rbd1 a5 {[#]} 21. Nxf7 Rxf7 22. Bxe6 Bxe6 23. Qxe6 Rxd1 24. Rxd1 a4 25. Nd4 Qf4 26. Nf3 b5 27. a3 h5 28. Qd5 g5 29. g3 Qc4 30. Nxg5 Qxd5 31. Rxd5 Rg7 $2 32. Rd8# 1-0

[Event "2nd Silman TNM: 1600-1999"]
[Site "San Francisco"]
[Date "2025.05.06"]
[Round "1.16"]
[White "Khristoforov, Sergey"]
[Black "Pickering, Carl"]
[Result "0-1"]
[Annotator "Winslow,Elliott"]
[WhiteElo "1835"]
[BlackElo "1621"]
[PlyCount "128"]
[Beauty "6117530808842"]
[GameId "2175100461002974"]
[EventDate "2025.??.??"]

{[%evp 0,128,5,24,12,16,16,11,14,11,31,7,4,1,-3,-6,23,36,43,62,86,94,102,104,139,146,169,187,182,142,142,81,94,-54,-32,25,68,48,45,85,84,63,66,18,18,-112,-23,-122,-118,-38,-68,-68,-68,-227,-125,-46,-111,-157,-145,-170,-252,-176,-274,-254,-228,-321,-323,-560,-304,-16,-285,-244,-260,-239,-264,-232,-266,-275,-173,-304,-193,-270,-173,-204,-181,-239,-217,-256,-201,-317,-284,-256,-279,-272,-234,-303,-242,-255,-248,-246,-273,-253,-99,-284,-286,-289,-290,-299,-286,-279,-315,-338,-334,-315,-310,-316,-338,-336,-306,-408,-340,-387,-320,-435,-468,-465,-449,-487,-527,-541,-584]} 1. d4 Nf6 2. c4 e6 3. Nc3 Bb4 4. Qc2 b6 5. Bg5 h6 6. Bh4 Bb7 7. f3 ({Relevant:} 7. a3 Bxc3+ 8. Qxc3 g5 9. Bg3 Ne4 10. Qc2 d6 11. e3 Nd7 12. Ne2 f5 13. Nc3 h5 14. f3 Nxc3 15. Qxc3 h4 16. Bf2 h3 17. d5 Qf6 18. Qxf6 Nxf6 19. gxh3 exd5 20. Rg1 Rh5 21. cxd5 Bxd5 22. Be2 Kf7 23. h4 gxh4 24. O-O-O Be6 25. Rd4 h3 26. Kd2 Rg8 27. Rxg8 Nxg8 28. b4 Ne7 29. b5 Bd7 30. Bg3 Rh8 31. a4 Be6 32. Bf1 Ng6 33. a5 Ne5 34. Be2 Ng6 35. Ke1 Ke7 36. Kf2 Kd7 {Dreev,A (2623)-Kovalev,V (2623) Chess.com INT 2022 0-1}) 7... g5 8. Bf2 Nc6 9. a3 {[#]} Bf8 $146 ({Predecessor:} 9... Bd6 10. e4 g4 11. e5 gxf3 12. exd6 Nxd4 13. Bxd4 fxg2 14. Bxg2 Bxg2 15. Qxg2 Rg8 16. dxc7 Rxg2 17. cxd8=Q+ {1-0 (17) Lautenbach,W-Schulte,H freechess.de 2021}) 10. e4 d6 11. h4 gxh4 12. O-O-O Qd7 13. Bxh4 Be7 {[#]} 14. e5 Ng8 15. Bg3 O-O-O 16. f4 dxe5 17. dxe5 Qe8 18. Nf3 Rxd1+ 19. Qxd1 Bd8 20. Qa4 Nge7 21. Nb5 a6 22. Nbd4 Nxd4 23. Qxe8 Nb3+ 24. Kc2 Na1+ 25. Kb1 Rxe8 26. Nd2 Nf5 27. Bf2 Rg8 28. Rh2 f6 29. Kxa1 fxe5 30. fxe5 Bg5 {[#]} 31. g4 Bf4 32. gxf5 Bxh2 33. Bh3 exf5 34. Bxf5+ Kb8 35. e6 Bf4 36. Ne4 Bxe4 37. Bxe4 Bg5 38. Bc6 Be7 39. Kb1 Rg6 40. Bd5 c6 41. Bxc6 Rxe6 42. Bd7 Rg6 43. Be8 Rf6 44. Bg3+ Ka7 $1 45. Kc2 Rf3 46. Be1 a5 47. Bh5 Rf4 48. Kd3 Bf6 49. b3 Rf1 50. Ke2 Rh1 51. Bf3 {(not check)} Rh2+ 52. Kf1 Ra2 53. a4 Rb2 54. Bd1 Rb1 55. Ke2 h5 {[#]} 56. c5 bxc5 57. Bxa5 h4 58. Bc7 h3 59. Kd2 Bd4 60. Bh2 Kb6 61. Bc2 Rf1 62. Bg3 h2 63. a5+ Kxa5 64. Bc7+ Kb4 0-1

[Event "2nd Silman TNM: 1600-1999"]
[Site "San Francisco"]
[Date "2025.05.06"]
[Round "1.17"]
[White "Casares, Nick"]
[Black "Prasad, Thejas"]
[Result "0-1"]
[Annotator "Winslow,Elliott"]
[WhiteElo "1600"]
[BlackElo "1758"]
[PlyCount "60"]
[Beauty "8247142515225"]
[GameId "2175100461002975"]
[EventDate "2025.??.??"]

1. e4 e5 2. f4 exf4 3. Bc4 Qh4+ 4. Kf1 Nc6 5. Nf3 Qf6 6. d4 d6 7. h3 Bd7 8. Nc3 Nge7 9. a3 $6 O-O-O $19 10. Kf2 g5 11. Rf1 Bg7 12. Ne2 g4 13. hxg4 Bxg4 14. c3 Bxf3 15. Kxf3 {[#]} Ng6 16. Kf2 Qh4+ 17. Kg1 Bh6 18. Rf3 Qg4 19. Bxf7 Nh4 20. Be6+ Qxe6 21. d5 Nxf3+ 22. Kf2 Qg6 23. dxc6 Ne5 24. cxb7+ Kxb7 25. Nd4 Rhg8 26. Qb3+ Kc8 27. Ke1 Qxe4+ 28. Kd1 Rxg2 29. Qe6+ Kb8 30. Qb3+ Ka8 0-1